Исторические и методологические аспекты развития политических учений зарубежных стран учебное пособие
Учебное пособие «Исторические и методологические аспекты развития политических учений зарубежных стран» предназначено для студен-тов, обучающихся по направлению подготовки «Государственное и муниципальное управление» (бакалавриат), и ставит своей целью помочь им в овладении материалом дисциплины «По...
Сохранить в:
| Hovedforfatter: | |
|---|---|
| Format: | Книга |
| Sprog: | Russian |
| Udgivet: |
Дубна
Государственный университет «Дубна»
2016
|
| Online adgang: | https://e.lanbook.com/book/197010 https://e.lanbook.com/img/cover/book/197010.jpg |
| Tags: |
Tilføj Tag
Ingen Tags, Vær først til at tagge denne postø!
|
| LEADER | 03326nam0a2200265 i 4500 | ||
|---|---|---|---|
| 001 | 197010 | ||
| 003 | RuSpLAN | ||
| 005 | 20221220174141.0 | ||
| 008 | 221220s2016 ru gs 000 0 rus | ||
| 020 | |a 978-5-89847-472-0 | ||
| 040 | |a RuSpLAN | ||
| 041 | 0 | |a rus | |
| 044 | |a ru | ||
| 080 | |a 321.01:94(100):930.2 | ||
| 084 | |a 66.1(0)я73-2 |2 rubbk | ||
| 245 | 0 | 0 | |a Исторические и методологические аспекты развития политических учений зарубежных стран |b учебное пособие |c Рябкова С. А. |
| 260 | |a Дубна |b Государственный университет «Дубна» |c 2016 | ||
| 300 | |a 129 с. | ||
| 504 | |a Библиогр.: доступна в карточке книги, на сайте ЭБС Лань | ||
| 520 | 8 | |a Учебное пособие «Исторические и методологические аспекты развития политических учений зарубежных стран» предназначено для студен-тов, обучающихся по направлению подготовки «Государственное и муниципальное управление» (бакалавриат), и ставит своей целью помочь им в овладении материалом дисциплины «Политология». Дисциплина «Политология» играет важную роль в подготовке специалистов в области государственного и муниципального управления. Ведь политическая среда выступает непосредственным контекстом функционирования государственной и муниципальной службы, и реальные управленческие решения разрабатываются через взаимодействие политических и административных структур. Пособие содержит сведения о политических идеях наиболее значимых зарубежных мыслителей с древнейших времен до наших дней, а также рекомендуемую для изучения литературу, которая представлена в библиотечном комплексе университета «Дубна» и электронно-библиотечных си-стемах. Изложенный в пособии материал значим не только в плане изучения дисциплины «Политология», но и в смысле приобретения более широких сведений мировоззренческого и методологического характера. | |
| 521 | 8 | |a Книга из коллекции Государственный университет «Дубна» - Социально-гуманитарные науки | |
| 100 | 1 | |a Рябкова С. А. | |
| 856 | 4 | |u https://e.lanbook.com/book/197010 | |
| 856 | 4 | 8 | |u https://e.lanbook.com/img/cover/book/197010.jpg |
| 953 | |a https://e.lanbook.com/img/cover/book/197010.jpg | ||